Čechoslovák. Roč. IV., č. 1 - 52, neúplné, 1942
| Format: | Serial |
|---|---|
| Language: | English |
| Published: |
Londýn
Unwin Brothers
|
MARC
| LEADER | 00000nas a2200000 a 4500 | ||
|---|---|---|---|
| 001 | vtls008427905 | ||
| 003 | SK-MaSNL | ||
| 005 | 20260221115004.0 | ||
| 008 | 060202c mr1 0 0eng d | ||
| 040 | |a SNK |b slo |c SNK | ||
| 245 | 0 | 0 | |a Čechoslovák. Roč. IV., č. 1 - 52, neúplné, 1942 |
| 260 | |a Londýn |b Unwin Brothers | ||
| 999 | |c 4150 |d 6080 | ||
| 952 | |0 0 |1 0 |4 0 |7 0 |a SNK |b SNK |d 2006-02-02 |i snkF 238/89 |l 0 |o snkČSA 1155/4/1942 |p 17A0495740 |r 2026-02-21 21:20:38 |t č. 1 - 52, neúplné |w 2026-02-21 |y PREZ |z chýba č. 1, 4, 7 - 12, 16, 24, 38 - 41, 45, 48 | ||


